| 000 | 00485nam a2200169Ia 4500 | ||
|---|---|---|---|
| 999 |
_c1596 _d1596 |
||
| 003 | OSt | ||
| 005 | 20200923111624.0 | ||
| 008 | 190216s9999||||xx |||||||||||||| ||und|| | ||
| 040 | _coclc | ||
| 082 |
_a584.5095483 _bREN/P |
||
| 100 |
_aRenuka, C _94853 |
||
| 245 | 0 |
_aPalms Of Kerala / _cC Renuka |
|
| 260 |
_bKerala Forest Research Institution, _aPeechi: _c1999. |
||
| 300 | _a72p | ||
| 650 | _aBotany | ||
| 942 |
_cBK _2ddc _h584.5095483 _iREN/P _k584.5095483 _mREN/P |
||